<?xml version="1.0" encoding="UTF-8"?>
<record
    xmlns:xsi="http://www.w3.org/2001/XMLSchema-instance"
    xsi:schemaLocation="http://www.loc.gov/MARC21/slim http://www.loc.gov/standards/marcxml/schema/MARC21slim.xsd"
    xmlns="http://www.loc.gov/MARC21/slim">

  <leader>01832nam a2200313   4500</leader>
  <controlfield tag="001">114097</controlfield>
  <controlfield tag="003">DR-UNIBE</controlfield>
  <controlfield tag="005">20250922132735.0</controlfield>
  <controlfield tag="008">250922b2005    dr ||||| |||| 00| 0 spa d</controlfield>
  <datafield tag="020" ind1=" " ind2=" ">
    <subfield code="a">9993455792</subfield>
  </datafield>
  <datafield tag="040" ind1=" " ind2=" ">
    <subfield code="a">BIBLIOTECA UNIBE</subfield>
    <subfield code="b">spa</subfield>
    <subfield code="c">BIBLIOTECA UNIBE</subfield>
    <subfield code="e">rda</subfield>
  </datafield>
  <datafield tag="041" ind1=" " ind2=" ">
    <subfield code="a">spa</subfield>
  </datafield>
  <datafield tag="082" ind1=" " ind2=" ">
    <subfield code="2">22</subfield>
    <subfield code="a">RD 327.27293 M828d 2005</subfield>
  </datafield>
  <datafield tag="100" ind1=" " ind2=" ">
    <subfield code="a">Morales Lama, Manuel</subfield>
    <subfield code="9">17608</subfield>
    <subfield code="e">autor</subfield>
  </datafield>
  <datafield tag="245" ind1=" " ind2=" ">
    <subfield code="a">Diplomacia contempor&#xE1;nea : teor&#xED;a y pr&#xE1;ctica : para el ejercicio profesional / </subfield>
    <subfield code="c">Manuel Morales Lama </subfield>
  </datafield>
  <datafield tag="250" ind1=" " ind2=" ">
    <subfield code="a">S&#xE9;ptima edici&#xF3;n</subfield>
  </datafield>
  <datafield tag="260" ind1=" " ind2=" ">
    <subfield code="a"> Santo Domingo : </subfield>
    <subfield code="b">Fundaci&#xF3;n Antonio M. Lama, </subfield>
    <subfield code="c">2005</subfield>
  </datafield>
  <datafield tag="300" ind1=" " ind2=" ">
    <subfield code="a">xxix, 530 p&#xE1;ginas : </subfield>
    <subfield code="c">22 x 14 cm</subfield>
  </datafield>
  <datafield tag="500" ind1=" " ind2=" ">
    <subfield code="a">Informaci&#xF3;n acerca del autor en la contraportada</subfield>
  </datafield>
  <datafield tag="505" ind1=" " ind2=" ">
    <subfield code="a">Pr&#xF3;logo |
A modo de proemio |
Introducci&#xF3;n |
Cap&#xED;tulo I. Conceptos b&#xE1;sicos |
Cap&#xED;tulo II. Or&#xED;genes y evoluci&#xF3;n de la diplomacia | 
Cap&#xED;tulo III. Ejecutores centrales de la pol&#xED;tica exterior de los estados | 
Cap&#xED;tulo IV. El servicio Exterior | 
Cap&#xED;tulo V. La misi&#xF3;n diplom&#xE1;tica permanente |
Cap&#xED;tulo VI. La funci&#xF3;n diplom&#xE1;tica | 
Cap&#xED;tulo VII. La concertaci&#xF3;n de tratados | 
Cap&#xED;tulo VIII. Estil&#xED;stica diplom&#xE1;tica | 
Cap&#xED;tulo IX. Ceremonial y protocolo | 
Cap&#xED;tulo X. Status del diplom&#xE1;tico dominicano | 
Glosario de locuciones y t&#xE9;rminos latinos y franceses | 
Ap&#xE9;ndices  | 
Anexos |
Bibliograf&#xED;a |
&#xCD;ndice an&#xE1;litico </subfield>
  </datafield>
  <datafield tag="650" ind1=" " ind2=" ">
    <subfield code="2">lemb</subfield>
    <subfield code="a"> Diplomacia</subfield>
  </datafield>
  <datafield tag="650" ind1=" " ind2=" ">
    <subfield code="2">lemb</subfield>
    <subfield code="a"> Derecho diplom&#xE1;tico y consular</subfield>
    <subfield code="9">82829</subfield>
  </datafield>
  <datafield tag="650" ind1=" " ind2=" ">
    <subfield code="2">lemb</subfield>
    <subfield code="a"> Servicio diplom&#xE1;tico y consular</subfield>
  </datafield>
  <datafield tag="700" ind1=" " ind2=" ">
    <subfield code="a">Ruiz Sobero, Benjam&#xED;n</subfield>
    <subfield code="9">148071</subfield>
    <subfield code="e">prologuista</subfield>
  </datafield>
  <datafield tag="700" ind1=" " ind2=" ">
    <subfield code="a">Narv&#xE1;ez Rivadeneira, Luis</subfield>
    <subfield code="9">148072</subfield>
    <subfield code="e">introducci&#xF3;n</subfield>
  </datafield>
  <datafield tag="700" ind1=" " ind2=" ">
    <subfield code="a">Ortiz, Deisy</subfield>
    <subfield code="9">145817</subfield>
    <subfield code="e">diagramador y composici&#xF3;n</subfield>
  </datafield>
  <datafield tag="700" ind1=" " ind2=" ">
    <subfield code="a">V&#xE1;squez, Jos&#xE9;</subfield>
    <subfield code="9">148070</subfield>
    <subfield code="e">dise&#xF1;ador gr&#xE1;fico</subfield>
  </datafield>
  <datafield tag="942" ind1=" " ind2=" ">
    <subfield code="2">ddc</subfield>
    <subfield code="c">BK</subfield>
  </datafield>
  <datafield tag="999" ind1=" " ind2=" ">
    <subfield code="c">114097</subfield>
    <subfield code="d">114097</subfield>
  </datafield>
  <datafield tag="952" ind1=" " ind2=" ">
    <subfield code="0">0</subfield>
    <subfield code="1">0</subfield>
    <subfield code="2">ddc</subfield>
    <subfield code="7">0</subfield>
    <subfield code="8">GEN-RD</subfield>
    <subfield code="a">Principal</subfield>
    <subfield code="d">2025-09-17</subfield>
    <subfield code="l">0</subfield>
    <subfield code="o">RD 327.27293 M828d 2005</subfield>
    <subfield code="p">251025</subfield>
    <subfield code="r">2025-09-22 11:24:50</subfield>
    <subfield code="t">Ej. 1</subfield>
    <subfield code="w">2025-09-22</subfield>
    <subfield code="y">BK</subfield>
  </datafield>
</record>
